000 00295nam a2200121Ia 4500
008 190722s9999 xx 000 0 und d
020 _a978-93-325-5847-2
100 _aPhilip Kotler Gary
245 0 _aPrinciples of Marketing
260 _aIndia
_bPearson ED
_c2016
300 _a732
942 _cBK
999 _c546
_d546